Colombia : (Registro nro. 8790)

Detalles MARC
000 -LEADER
fixed length control field 01066nam a2200241Ia 4500
003 - CONTROL NUMBER IDENTIFIER
control field OSt
005 - DATE AND TIME OF LATEST TRANSACTION
control field 20211123094643.0
008 - FIXED-LENGTH DATA ELEMENTS--GENERAL INFORMATION
fixed length control field 210310s1988 ck fr 000 0 spa d
040 ## - CATALOGING SOURCE
Original cataloging agency CO-JMCR
Transcribing agency CO-JMCR
041 0# - LANGUAGE CODE
Language code of text/sound track or separate title spa
082 04 - DEWEY DECIMAL CLASSIFICATION NUMBER
Classification number 338.901 /
Item number R628c
Edition number 23
100 1# - MAIN ENTRY--PERSONAL NAME
Personal name Roa Suarez, Hernando,
9 (RLIN) 18296
Relator term autor
245 10 - TITLE STATEMENT
Title Colombia :
Remainder of title planificación, política, regionalización y políticas de planificación /
Statement of responsibility, etc. Hernando Roa Suarez
260 ## - PUBLICATION, DISTRIBUTION, ETC.
Place of publication, distribution, etc. Bogotá :
Name of publisher, distributor, etc. Escuela Superior de Administración Pública,
Date of publication, distribution, etc. 1988
300 ## - PHYSICAL DESCRIPTION
Extent 87 páginas ;
Dimensions 24 cm.
490 0# - SERIES STATEMENT
Series statement Documentos ESAP
500 ## - GENERAL NOTE
General note Incluye notas a pie de página.
504 ## - BIBLIOGRAPHY, ETC. NOTE
Bibliography, etc. note Bibliografía: páginas 77-87
505 0# - FORMATTED CONTENTS NOTE
Formatted contents note Algunas conceptualizaciones fundamentales -- A propósito de la planificación en Colombia -- La política. Reflexiones sustantivas -- Regionalización de la planificación -- Políticas de planificación -- Modernización y descentralización
650 14 - SUBJECT ADDED ENTRY--TOPICAL TERM
Topical term or geographic name entry element Planificación regional
9 (RLIN) 18298
Geographic subdivision Colombia
650 24 - SUBJECT ADDED ENTRY--TOPICAL TERM
Topical term or geographic name entry element Política económica
Geographic subdivision Colombia
9 (RLIN) 41646
942 ## - ADDED ENTRY ELEMENTS (KOHA)
Source of classification or shelving scheme Dewey Decimal Classification
Koha item type Books
Existencias
Withdrawn status Lost status Source of classification or shelving scheme Damaged status Not for loan Collection code Home library Current library Date acquired Source of acquisition Full call number Barcode Date last seen Copy number Koha item type
    Dewey Decimal Classification     Non-fiction Biblioteca Pública José María del Castillo y Rada Biblioteca Pública José María del Castillo y Rada 04/15/2018 Donación 338.901 / R628c 430004973 05/16/2024 Ej.1 Books